|
|
|
|
| LEADER |
00000nab a2200000 a 4500 |
| 001 |
vtls001024743 |
| 003 |
SK-MaSNL |
| 005 |
20260303222151.0 |
| 008 |
040720e19960704xo 0 slo |
| 035 |
|
|
|a SL3303
|
| 040 |
|
|
|a SLLK
|b slo
|c SLLK
|e AACR2
|
| 041 |
0 |
|
|a slo
|
| 044 |
|
|
|a xo
|c SK
|
| 080 |
|
|
|a 379.8
|2 1981
|
| 100 |
0 |
|
|a (Lúč-ver)
|4 aut
|9 1027903
|
| 245 |
1 |
0 |
|a Nováčikov vyšibú žihľavou
|b sedemdesiat lodí splaví Poprad
|
| 611 |
1 |
7 |
|a Medzinárodný rodinný splav
|c Stará Ľubovňa, Slovensko
|2 SLLK
|9 95313
|
| 611 |
1 |
7 |
|a Medzinárodný rodinný splav
|c Stará Ľubovňa, Slovensko
|2 SLLK
|9 95313
|
| 650 |
0 |
7 |
|a splavovanie
|2 SLLK
|9 840922
|
| 650 |
0 |
7 |
|a roč. 7.
|2 SLLK
|9 877424
|
| 650 |
0 |
7 |
|a etapy
|2 SLLK
|9 882989
|
| 650 |
0 |
7 |
|a informácie
|2 SLLK
|9 1285
|
| 651 |
|
7 |
|a Stará Ľubovňa (Slovensko)
|2 SLLK
|9 19193
|
| 651 |
|
7 |
|a Nowy Sącz (Poľsko)
|2 SLLK
|9 214317
|
| 655 |
|
7 |
|a periodikum
|2 snkbucl
|9 29553
|
| 773 |
0 |
8 |
|t Lúč - Východoslovenské noviny
|g Roč. 5, č.155, 4.7.1996, s. 2
|
| 852 |
|
|
|a ZVYKNI
|b KIS3GCP
|
| 999 |
|
|
|c 2238613
|d 2240543
|